<?xml version="1.0" encoding="UTF-8"?><?xml-stylesheet type="text/xsl" href="static/style.xsl"?><OAI-PMH xmlns="http://www.openarchives.org/OAI/2.0/" xmlns:xsi="http://www.w3.org/2001/XMLSchema-instance" xsi:schemaLocation="http://www.openarchives.org/OAI/2.0/ http://www.openarchives.org/OAI/2.0/OAI-PMH.xsd"><responseDate>2026-04-17T14:05:45Z</responseDate><request verb="GetRecord" identifier="oai:www.recercat.cat:20.500.14342/501" metadataPrefix="marc">https://recercat.cat/oai/request</request><GetRecord><record><header><identifier>oai:recercat.cat:20.500.14342/501</identifier><datestamp>2025-03-11T12:45:27Z</datestamp><setSpec>com_2072_482405</setSpec><setSpec>com_2072_183628</setSpec><setSpec>col_2072_482410</setSpec></header><metadata><record xmlns="http://www.loc.gov/MARC21/slim" xmlns:dcterms="http://purl.org/dc/terms/" xmlns:xsi="http://www.w3.org/2001/XMLSchema-instance" xmlns:doc="http://www.lyncode.com/xoai" xsi:schemaLocation="http://www.loc.gov/MARC21/slim http://www.loc.gov/standards/marcxml/schema/MARC21slim.xsd">
   <leader>00925njm 22002777a 4500</leader>
   <datafield ind2=" " ind1=" " tag="042">
      <subfield code="a">dc</subfield>
   </datafield>
   <datafield ind2=" " ind1=" " tag="720">
      <subfield code="a">Fondevila-Gascón, Joan-Francesc</subfield>
      <subfield code="e">author</subfield>
   </datafield>
   <datafield ind2=" " ind1=" " tag="720">
      <subfield code="a">Polo López, Marc</subfield>
      <subfield code="e">author</subfield>
   </datafield>
   <datafield ind2=" " ind1=" " tag="720">
      <subfield code="a">Marqués Pascual, Joaquín</subfield>
      <subfield code="e">author</subfield>
   </datafield>
   <datafield ind2=" " ind1=" " tag="720">
      <subfield code="a">Mir Bernal, Pedro</subfield>
      <subfield code="e">author</subfield>
   </datafield>
   <datafield ind2=" " ind1=" " tag="260">
      <subfield code="c">2019</subfield>
   </datafield>
   <datafield ind2=" " ind1=" " tag="520">
      <subfield code="a">Introducción: El objetivo de esta investigación es analizar de qué manera impacta el uso de los servicios de mensajería instantánea en el entorno universitario español y qué consecuencias positivas y negativas genera en el comportamiento estudiantil. Para ello se trabajó sobre la aplicación más popular en el territorio en cuestión, WhatsApp, y la utilización que de ella hacen los universitarios. Metodología: La investigación desarrollada utiliza la técnica cuantitativa (encuestas a una muestra n= 332), al efecto de determinar el uso que se les da a los mensajes de texto convencionales, así como otras opciones de la mensajería instantánea (como puede ser la voz o las imágenes). Asimismo, se analizaron algunos impactos en el entorno académico como, por ejemplo, el posible estrés que genera en el comportamiento humano. Resultados y conclusiones: Destacan la comodidad y la gratuidad de WhatsApp que impulsan el uso en el entorno educativo. Se puede constatar que la mayoría de los estudiantes utiliza este tipo de aplicaciones de mensajería instantánea también para cuestiones relacionadas con los asuntos universitarios –aparte de su vida personal–. Además, se observa que un porcentaje muy alto de los grupos analizados pertenece a algún chat grupal relacionado con los estudios o está incluido en grupos de conversación sobre materias académicas.</subfield>
   </datafield>
   <datafield ind2=" " ind1=" " tag="520">
      <subfield code="a">Introduction: The objective of this research was to analyse how the use of instant messaging services impacts the Spanish university context and what positive and negative consequences it generates on students’ behaviour. In order to do this, we worked on the most popular application in the territory in question, WhatsApp, and its use by university students. Methodology: The research developed has used the quantitative technique (survey to a sample n = 332) to determine the use that is given to conventional text messages, as well as other options for instant messaging (such as voice or images). Likewise, some impacts on the academic environment were analysed, such as the possible stress it generates on human behaviour. Results and conclusions: The main conclusions of the study include the convenience and free nature of WhatsApp that drive its use in the educational environment. It can be seen that the majority of students use this type of instant messaging applications also for issues related to university affairs -besides their personal lives-. In addition, it has been found that a very high percentage of the groups analysed are members of a study-related chat group or is included in conversation groups on academic subjects.</subfield>
   </datafield>
   <datafield ind1="8" ind2=" " tag="024">
      <subfield code="a">http://hdl.handle.net/20.500.14342/501</subfield>
   </datafield>
   <datafield ind1="8" ind2=" " tag="024">
      <subfield code="a">http://dx.doi.org/10.4185/RLCS-2019-1332</subfield>
   </datafield>
   <datafield tag="653" ind2=" " ind1=" ">
      <subfield code="a">Estudiants universitaris</subfield>
   </datafield>
   <datafield tag="653" ind2=" " ind1=" ">
      <subfield code="a">Universitats</subfield>
   </datafield>
   <datafield tag="653" ind2=" " ind1=" ">
      <subfield code="a">Educació</subfield>
   </datafield>
   <datafield tag="653" ind2=" " ind1=" ">
      <subfield code="a">Aplicacions mòbils</subfield>
   </datafield>
   <datafield tag="653" ind2=" " ind1=" ">
      <subfield code="a">Espanya</subfield>
   </datafield>
   <datafield ind2="0" ind1="0" tag="245">
      <subfield code="a">Usos del WhatsApp en el estudiante universitario español. Pros y contras</subfield>
   </datafield>
</record></metadata></record></GetRecord></OAI-PMH>